ARRUPE JESUIT UNIVERSITY

CORONAVIRUS -STOP THE SPREAD - CLEAN,DISINFECT,COVER

The Battle of Majuba Hill: (Record no. 120314)

MARC details
000 -LEADER
fixed length control field 00827cam a2200265 4500
001 - CONTROL NUMBER
control field 1701023
003 - CONTROL NUMBER IDENTIFIER
control field ARRUPE
005 - DATE AND TIME OF LATEST TRANSACTION
control field 20140327162801.0
008 - FIXED-LENGTH DATA ELEMENTS--GENERAL INFORMATION
fixed length control field 731001s1967 enkbcf b 000 0 eng
010 ## - LIBRARY OF CONGRESS CONTROL NUMBER
LC control number 67086629
015 ## - NATIONAL BIBLIOGRAPHY NUMBER
National bibliography number B67-9875
040 ## - CATALOGING SOURCE
Original cataloging agency DLC
Transcribing agency DLC
Modifying agency DLC
043 ## - GEOGRAPHIC AREA CODE
Geographic area code f-sa---
050 00 - LIBRARY OF CONGRESS CALL NUMBER
Classification number DT928
Item number .R3
082 00 - DEWEY DECIMAL CLASSIFICATION NUMBER
Classification number 968/.2
300 ## - PHYSICAL DESCRIPTION
Other physical details 10 plates (incl. ports.), maps.
Dimensions 22 cm.
100 1# - MAIN ENTRY--PERSONAL NAME
Personal name Ransford, Oliver,
Dates associated with a name 1914-
9 (RLIN) 9563
245 14 - TITLE STATEMENT
Title The Battle of Majuba Hill:
Remainder of title the first Boer War.
260 ## - PUBLICATION, DISTRIBUTION, ETC. (IMPRINT)
Place of publication, distribution, etc London,
Name of publisher, distributor, etc Murray,
Date of publication, distribution, etc [1967]
300 ## - PHYSICAL DESCRIPTION
Extent ix, 154 p.
504 ## - BIBLIOGRAPHY, ETC. NOTE
Bibliography, etc Bibliography: p. 143-144.
650 #0 - SUBJECT ADDED ENTRY--TOPICAL TERM
Topical term or geographic name as entry element Majuba Hill, Battle of, South Africa, 1881.
9 (RLIN) 9564
651 #0 - SUBJECT ADDED ENTRY--GEOGRAPHIC NAME
Geographic name Transvaal (South Africa)
General subdivision History
Chronological subdivision War of 1880-1881.
9 (RLIN) 9565
906 ## - LOCAL DATA ELEMENT F, LDF (RLIN)
a 7
b cbc
c orignew
d u
e opcn
f 19
g y-gencatlg
942 ## - ADDED ENTRY ELEMENTS (KOHA)
Source of classification or shelving scheme Library of Congress Classification
Koha item type REFERENCE
Holdings
Withdrawn status Lost status Source of classification or shelving scheme Damaged status Not for loan Collection code Home library Current library Shelving location Date acquired Total Checkouts Full call number Barcode Date last seen Price effective from Koha item type
    Library of Congress Classification     SPECIAL Collection ARRUPE LIBRARY ARRUPE LIBRARY Main Collection 27/03/2014   SPC DT928 .R3 46500001833 27/03/2014 27/03/2014 REFERENCE

 

Arrupe Library. PO Box MP320 Mt Pleasant, Harare, Zimbabwe
263 242 745411|librarian@aju.ac.zw